[Event "Witney op-B"]
[Site "Witney"]
[Date "2016.10.22"]
[Round "3"]
[White "Sayers, Mark"]
[Black "Sheremetyeva, Elizaveta"]
[Result "0-1"]
[WhiteElo "1480"]
[BlackElo "1707"]
[PlyCount "46"]
[EventDate "2016.10.22"]
[EventType "swiss"]
[EventRounds "5"]
[EventCountry "ENG"]
[SourceTitle "EXT 2025"]
[Source "ChessBase"]
[SourceDate "2024.10.14"]
[SourceVersion "1"]
[SourceVersionDate "2024.10.14"]
[SourceQuality "1"]

1. e4 c6 2. d4 d5 3. e5 Bf5 4. Bd3 Bxd3 5. Qxd3 e6 6. Nf3 Qc7 7. 0-0 Ne7 8. b3 Ng6 9. Ba3 Be7 10. Bxe7 Qxe7 11. Nbd2 0-0 12. c4 Nd7 13. Rfe1 f6 14. Rac1 Rad8 15. cxd5 exd5 16. e6 Nb6 17. h4 Rd6 18. h5 Nf4 19. Qc3 Rxe6 20. Rxe6 Qxe6 21. Kf1 Qg4 22. Qe3 Qxg2+ 23. Ke1 Qh1+ 0-1